00550 2200193 4500001002100000005001500021035002000036245003900056100001900095250002000114300003200134856001800166260006500184082001600249084002200265020002200287650002600309650002100335INLIS00000000000005020250710115149 a0010-07250000501 aBubur pedas arum /cPrima duantika0 aPrima duantika aCetakan pertama a24 hlm. :bIlus. ;c29,7 cm aTBM As suhada aRawamangun :bBadan pengembangan dan pembinaan bahasa,c2024 a398-209 598 a398-209 598 PRI b a978-623-118-823-6 4aCerita anak-indonesia 4aCerita bergambar